00170nam a2200061Ia 4500008004100000100001600041245005100057120527s9999 xx 000 0 und d aHIROSHI, M. aEscape from imparse-The decision to open Japan